| 000 | 00619nam a22001937a 4500 | ||
|---|---|---|---|
| 005 | 20251108172008.0 | ||
| 008 | 250721s2000 xx 000 0 ara d | ||
| 082 | 1 | 4 | _aم/340.9440561/نمو |
| 100 | 1 | _aنمور، حبيب فارس | |
| 245 | 1 | 0 | _aالمؤسسات القانونية و الدينية في فرنسا و في لبنان / |
| 264 | 1 |
_aبيروت : _bمكتبة صادر، _c2000. |
|
| 300 | _aج | ||
| 650 | 1 | 7 | _aالقانون |
| 650 | 1 | 7 | _aقانون الأحوال الشخصية |
| 650 | 1 | 7 | _aتاريخ فرنسا |
| 650 | 1 | 7 | _aتاريخ لبنان |
| 942 |
_2ddc _cREF |
||
| 999 |
_c67827 _d67827 |
||